Это реальная личность? №3 - Внезапная смерть - Statistics

General Stats
  • This quiz has been taken 20 times
  • The average score is 9 of 12
Answers on the Grid
Answers color-coded by a green-red scale on the quiz's grid according to % correct below.
Рокки Бальбоа
Симон Боливар
Василий Чапаев
Брюс Уиллис
Декстер Морган
Рагнар Лодброк
Фрида Кало
Антон Чехов
Лао-цзы
Николае Чаушеску
Вилли Брандт
Остин Пауэрс
Бьорн Андерсен
Хуа Мулань
Василий Верещагин
Игорь Гром
Пеле
Йохан Либерт
Софья Мармеладова
Бакстер Стокманн
 
Answer Stats
Answer % Correct
Пеле
100%
Брюс Уиллис
86%
Антон Чехов
86%
Лао-цзы
86%
Фрида Кало
79%
Николае Чаушеску
79%
Симон Боливар
71%
Василий Чапаев
71%
Бьорн Андерсен
71%
Василий Верещагин
64%
Вилли Брандт
50%
Рагнар Лодброк
36%
No matching quizzes found
Score Distribution
Percent of People with Each Score
Percentile by Number Answered
Your Score History
You have not taken this quiz